Mountain West Football Champions - Statistics

General Stats
  • This quiz has been taken 18 times
    10 since last reset
  • The average score is 8 of 11
Answer Stats
Question Answer % Correct
2022
90%
2023
90%
2014
80%
2016
80%
2019
80%
2013
70%
2015
70%
2017
70%
2021
60%
2018
50%
2020
40%
No matching quizzes found
Score Distribution
Percent of People with Each Score
Percentile by Number Answered
Your Score History
You have not taken this quiz since the last reset